000 00924nam a2200241Ia 4500
999 _c30468
_d30468
003 CO-CtgCURN
005 20250409212008.0
008 190726s2004 xx g 000 0 spa d
020 _a9589740553
040 _aCO-CtgCURN
_bspa
_ccoctgcurn
082 _a986.106
_bP226h
100 _aPardo Rueda, Rafael
_91673
245 0 _aLa Historia de las guerras :
_bdesde la independencia hasta nuestros días, una crónica completa de las guerras en Colombia /
_cRafael Pardo Rueda
260 _aBogotá, Colombia :
_bVergara,
_c2004
300 _a748 páginas ;
_c26 centímetros
521 _aAREA BASICA
590 _aTodos los programas acádemicos
650 _aConflicto armado
_zColombia
_91674
650 _aGuerra
_zColombia
_91675
942 _cBK
_h986.106
_iP226h
_2ddc